000 00319nam a2200121Ia 4500
008 240624s9999 xx 000 0 und d
041 _aeng
082 _a658.4092 SHE
100 _aSHETTY REKHA
245 _aINNOVATE 90 DAYS TO TRANSFORM YOUR BUSIN
260 _c2010
_aNew Delhi
_bPenguin Books India
365 _cRS
_b20
999 _c15868
_d15868